000 00667nam a2200253Ia 4500
001 36642
005 20240114001902.0
007 ta
008 070503s1944 a g b000 u asm u
040 _aCotton College,Assam
041 _aasm
082 _a780.9541
_bK 528 B
100 _aKhound, Golok Ch. .
245 0 _aBargit Swarlipi /
_cGolok Ch. Khound.
_hTextual Documents
250 _a1st ed. /
260 _aJorhat (Assam) :
_bKamal Ch. Khound ,
_c1944.
300 _a51p. :
_bill ;
_c22cm .
653 _aScript-Bargit
653 _aBargit-Script
653 _aG-Technology
942 _2ddc
_cBK
999 _c36624
_d36624